Science Quiz

Random Science or Anatomy Quiz

Major Blood Vessels in the Body Quiz Stats

 Plays Quiz not verified by Sporcle

Score 0/36 Timer 20:00
0 Plays Today
% Correct
Femoral Vein
81.8%
Femoral Artery
81.7%
Brachial Artery
78.8%
Brachial Vein
78.7%
Subclavian Artery
78.6%
Subclavian Vein
78.4%
Radial Artery
78.3%
Superior Vena Cava
77.9%
Aorta
76.4%
Ulnar Artery
75.5%
Axillary Artery
73.3%
Axillary Vein
73.2%
Internal and External Iliac Vein
72.7%
Internal and External Iliac Artery
72.6%
Renal Vein
70%
Renal Artery
69.9%
Brachiocephalic Artery
69%
Pulmonary Vein
66.3%
% Correct
Pulmonary Artery
66.3%
Common Carotid Artery
65.6%
Popliteal Vein
63.9%
Popliteal Artery
63.8%
Common Iliac Vein
58.8%
Cephalic Vein
53.6%
Anterior Tibial Artery
53.5%
Posterior Tibial Artery
51.4%
Internal Jugular vein
49.3%
Basilic Vein
40.6%
Great Saphenous Vein
40.4%
External Carotid Artery
39.2%
Common Iliac Artery
35.8%
Median Cubital Vein
34.6%
Deep Femoral Artery
31.3%
Dorsalis Pedis Artery
26.9%
Peroneal Vein
19.5%
Peroneal Artery
19.5%

You're not logged in!

Compare scores with friends on all Sporcle quizzes.
OR
Log In

Sporcle TV

Today on Sporcle TV


Watch our educational content, quiz creation guides, and fun videos on Sporcle TV.

Show Comments

Extras

Top Quizzes Today


Score Distribution

Your Account Isn't Verified!

In order to create a playlist on Sporcle, you need to verify the email address you used during registration. Go to your Sporcle Settings to finish the process.

Report this User

Report this user for behavior that violates our Community Guidelines.

Details: